| 000 | 01291nam a2200265 i 4500 | ||
|---|---|---|---|
| 003 | IT-RoINE | ||
| 005 | 20190506084829.0 | ||
| 008 | 960115s1984 sp r 100 spa d | ||
| 020 | _a8400058291 | ||
| 040 |
_aUCM.GHI _dUZ.FL _cIT-RoINE |
||
| 111 | 2 |
_911764 _aCongreso de historia de la Corona de Aragón _n(9º. _d1973. _cNápoles, Italia) |
|
| 245 | 1 | 3 |
_aLa Corona de Aragón y el Mediterráneo : _baspectos y problemas comunes desde Alfonso el Magnánimo a Fernando el Católico (1416-1516) : IX Congreso de Historia de la Corona de Aragón, Nápoles, 11-15 abril 1973. |
| 260 |
_aZaragoza : _bInstitución Fernando el Católico, _c1984. |
||
| 300 |
_a318 p. ; _c24 cm. |
||
| 336 |
_2rdacontent _atext |
||
| 337 |
_2rdamedia _aunmediated |
||
| 338 |
_2rdacarrier _avolume |
||
| 490 | 1 |
_aPublicación de la Institución Fernando el Católico ; _v998 |
|
| 500 | _aEn la port.: Comisión Permanente de los Congresos de Historia de la Corona de Aragón, Institución Fernando el Católico de Zaragoza | ||
| 505 | 1 | _aV. 4: Comunicaciones. | |
| 651 | 4 |
_911765 _aAragón (Reino) _xHistoria _ySiglos 15o.-16o. _vCongresos |
|
| 710 | 2 |
_9137 _aInstitución Fernando el Católico (Zaragoza, España) |
|
| 830 | 0 |
_911162 _aPublicación ... de la Institución Fernando el Católico _v998 |
|
| 942 | _cMTS | ||
| 999 |
_c5527 _d5527 |
||